| 000 | 00617nam a2200193 u 4500 | ||
|---|---|---|---|
| 005 | 20210223132705.0 | ||
| 008 | 150806s1998 r 000 0 eng d | ||
| 020 | _a0590676849 | ||
| 035 | _aUPN01000204901 | ||
| 049 | _aI | ||
| 050 | 4 |
_aPZ74.1 _bD4.5 |
|
| 100 | 1 |
_aDelacre, Lulu _938006 |
|
| 245 | 1 | 0 |
_aDe oro y esmeraldas : _bmitos, leyendas y cuentos populares de Latinoamérica / _crelatado e il. por Lulu Delacre. |
| 260 |
_aNueva York : _bScholastic, _c1998. |
||
| 300 |
_a74 p. : _bil. |
||
| 650 | 4 |
_aLEYENDAS - _vLITERATURA INFANTIL _919858 |
|
| 650 | 4 |
_aLEYENDAS LATINOAMERICANAS _923256 |
|
| 905 | _aInfantil | ||
| 999 |
_c177002 _d177002 |
||